<?xml version="1.0" encoding="UTF-8"?>
<record
    xmlns:xsi="http://www.w3.org/2001/XMLSchema-instance"
    xsi:schemaLocation="http://www.loc.gov/MARC21/slim http://www.loc.gov/standards/marcxml/schema/MARC21slim.xsd"
    xmlns="http://www.loc.gov/MARC21/slim">

  <leader>01183cam0a220031301 4500</leader>
  <controlfield tag="001">tmp15759766</controlfield>
  <controlfield tag="003">UPRA</controlfield>
  <controlfield tag="005">20190822112347.0</controlfield>
  <controlfield tag="007">sdubmmennuuune</controlfield>
  <controlfield tag="008">951023s1952    enk                     u</controlfield>
  <datafield tag="028" ind1="0" ind2="2">
    <subfield code="a">ALP 1108 H.M.V.</subfield>
    <subfield code="b">ALP 1108 H.M.V.</subfield>
  </datafield>
  <datafield tag="035" ind1=" " ind2=" ">
    <subfield code="a">(Sirsi) r51187</subfield>
  </datafield>
  <datafield tag="035" ind1=" " ind2=" ">
    <subfield code="a">(UPRA)tmp15759766</subfield>
  </datafield>
  <datafield tag="040" ind1=" " ind2=" ">
    <subfield code="c">UPRA</subfield>
  </datafield>
  <datafield tag="041" ind1="0" ind2=" ">
    <subfield code="g">eng</subfield>
  </datafield>
  <datafield tag="100" ind1="1" ind2=" ">
    <subfield code="a">Beethoven, Ludwig van, 1770-1827.</subfield>
    <subfield code="d">Beethoven, Ludwig van, 1770-1827.</subfield>
    <subfield code="6">A9080.1</subfield>
  </datafield>
  <datafield tag="240" ind1=" " ind2=" ">
    <subfield code="a">10a26.1..1.11 n26.1..13.14 r26.1..28.8</subfield>
    <subfield code="h">Sound recording</subfield>
  </datafield>
  <datafield tag="245" ind1="1" ind2="0">
    <subfield code="a">Symphony no. 5 in C minor, op. 67</subfield>
    <subfield code="h">[sound recording].</subfield>
  </datafield>
  <datafield tag="260" ind1=" " ind2=" ">
    <subfield code="a">Hayes, Middlesex :</subfield>
    <subfield code="b">H.M.V.,</subfield>
    <subfield code="c">[1952?]</subfield>
  </datafield>
  <datafield tag="500" ind1=" " ind2=" ">
    <subfield code="a">Sleeves notes.</subfield>
  </datafield>
  <datafield tag="501" ind1=" " ind2=" ">
    <subfield code="a">With: Beethoven, L. van, Symphony no. 8, op. 93.</subfield>
  </datafield>
  <datafield tag="511" ind1="0" ind2=" ">
    <subfield code="a">The N.B.C. Symphony Orchestra conducted by Arturo Toscanini.</subfield>
  </datafield>
  <datafield tag="650" ind1=" " ind2="0">
    <subfield code="a">Symphonies.</subfield>
    <subfield code="6">S6145.1</subfield>
  </datafield>
  <datafield tag="700" ind1="1" ind2=" ">
    <subfield code="a">Toscanini, Arturo, 1867-1957.</subfield>
    <subfield code="d">Toscanini, Arturo, 1867-1957.</subfield>
    <subfield code="6">A9131.1</subfield>
  </datafield>
  <datafield tag="700" ind1="1" ind2=" ">
    <subfield code="a">Beethoven, L. van. Symphony no. 8, op. 93.</subfield>
    <subfield code="t">Beethoven, L. van. Symphony no. 8, op. 93.</subfield>
    <subfield code="6">A9115.7</subfield>
  </datafield>
  <datafield tag="710" ind1="2" ind2=" ">
    <subfield code="a">NBC Symphony Orchestra.</subfield>
    <subfield code="6">A9132.1</subfield>
  </datafield>
  <datafield tag="949" ind1=" " ind2=" ">
    <subfield code="a">M1001</subfield>
    <subfield code="w">lcc</subfield>
    <subfield code="i">-64907</subfield>
    <subfield code="m">MAIN</subfield>
    <subfield code="t">BOOK</subfield>
    <subfield code="l">ON-SHELF</subfield>
  </datafield>
  <controlfield tag="004">51187</controlfield>
  <datafield tag="999" ind1=" " ind2=" ">
    <subfield code="c">132956</subfield>
    <subfield code="d">132956</subfield>
  </datafield>
</record>
